|
|
|
|
| LEADER |
01253nam a2200277 a 4500 |
| 001 |
3523564 |
| 008 |
120313s1996 maua 001 0 eng |
| 010 |
|
|
|a 96010216
|
| 020 |
|
|
|a 0875846513 (alk. paper)
|
| 040 |
|
|
|a DLC
|c DLC
|d DLC
|d BD-DhAAL
|
| 050 |
0 |
0 |
|a HD56
|b .K35 1996
|
| 082 |
0 |
0 |
|a 658.4/012
|2 20
|
| 100 |
1 |
|
|a Kaplan, Robert S.
|
| 245 |
1 |
4 |
|a The balanced scorecard :
|b translating strategy into action /
|c Robert S. Kaplan, David P. Norton.
|
| 260 |
|
|
|a Boston, Mass. :
|b Harvard Business School Press,
|c c1996.
|
| 300 |
|
|
|a xi, 322 p. :
|b ill. ;
|c 24 cm.
|
| 500 |
|
|
|a Includes index.
|
| 541 |
|
|
|e 00024697
|
| 650 |
|
0 |
|a Industrial productivity
|x Measurement.
|
| 650 |
|
0 |
|a Strategic planning.
|
| 650 |
|
0 |
|a Organizational effectiveness
|x Evaluation.
|
| 700 |
1 |
|
|a Norton, David P.,
|d 1941-
|
| 852 |
1 |
|
|a Ayesha Abed Library
|c General shelf.
|
| 999 |
|
|
|c 11957
|d 11957
|
| 952 |
|
|
|0 0
|1 0
|2 ddc
|4 0
|6 658_401200000000000_KAP
|7 0
|9 19635
|a BRACUL
|b BRACUL
|c GEN
|d 2012-03-14
|e TRIM EDUCATION
|g 2950.00
|l 2
|m 12
|o 658.4012 KAP
|p 3010024697
|r 2016-06-07
|s 2016-05-31
|t 1
|w 2012-03-14
|y BK
|
| 952 |
|
|
|0 0
|1 0
|2 ddc
|4 0
|6 658_401200000000000_KAP
|7 0
|9 19642
|a BRACUL
|b BRACUL
|c GEN
|d 2012-03-14
|e TRIM EDUCATION
|g 2950.00
|l 2
|o 658.4012 KAP
|p 3010024698
|r 2015-08-26
|s 2015-05-07
|t 2
|w 2012-03-14
|y BK
|